000 00438cam a2200145 4500500
005 20251012032625.0
041 _afre
042 _adc
100 1 0 _aKerbellec, Frédérique
_eauthor
245 0 0 _aLa seule vie est en soi hélas
260 _c2008.
500 _a55
786 0 _nSigila | 22 | 2 | 2008-12-20 | p. 197-198 | 1286-1715
856 4 1 _uhttps://shs.cairn.info/revue-sigila-2008-2-page-197?lang=fr&redirect-ssocas=7080
999 _c1547874
_d1547874